00717cam a2200217 a 4500001001000000003000600010005001700016008004100033040003000074082001700104100004000121245004200161260003500203300002100238490006900259500003200328650002400360650003500384650001000419830007000429000019603UkOxU20200929170055.0751014s1958 sp 001 e spa d aDO-SdBNPcDZMdEQOdBNPHU a864.6bS238h1 aSanz Egaña, Cesáreo,d1885-195910aHistoria y bravura del toro de lidia. aMadrid :bEspasa-Calpe,c1958. a207 p. ;c18 cm.1 aAustral. Marrón: Ciencia y técnica. Clásicos de la ciencia aIncluye índice de autores 4aEnsayos españoles 4aLiteratura españolaySIGLOXX 4aToros 0aAustralpMarrón : ciencia y técnica. Clásicos de la ciencia